000 00950nmc a2200325 a 4500
003 AR-BaBNM
005 20251128205259.0
008 011101s1993 ||||||||||||||000 | spa||
020 _a950-006-009-4
040 _cAR-BaBNM
100 1 _aKerbrat-Orecchioni, Catherine
245 1 0 _aLa enunciación
_bde la subjetividad en el lenguaje
250 _a2ª ed.
260 _aBuenos Aires
_bEdicial
_c1993
300 _a307 p.
_bgráfs.
490 0 _aEdicial universidad. Lengua-linguística-comunicación
500 _aContiene referencias bibliográficas en p. 291
650 4 _aLINGUISTICA
650 4 _aTEORIA LINGUISTICA
650 4 _aSEMIOLOGIA
650 4 _aCOMUNICACION
650 4 _aINVESTIGACION LINGUISTICA
650 4 _aLINGÜISTICA
650 4 _aPSICOLINGUISTICA
700 1 _aAnfora, Gladys
_etraductor
700 1 _aGregores, Emma
_etraductor
800 1 _aArnoux, Elvira
_edirector
942 _cBK
998 _cMARTIN
999 _c10710
_d10710